Statistics for Ultimate Cities Quiz (Europe)

Click here to take the quiz!

General Stats

  • This quiz has been taken 1,170 times
    (56 since last reset)
  • The average score is 160 of 296

Answer Stats

Country City Reason % Correct
IcelandReykjavikCapital
95%
IrelandDublinCapital
95%
ScotlandEdinburghCapital
95%
Northern IrelandBelfastCapital
93%
ScotlandGlasgowBiggest City
93%
EnglandLondonCapital, Biggest City
93%
EnglandLiverpoolThe Beatles
90%
SpainBarcelona2nd Largest City, Capital of Catalonia
90%
WalesCardiffCapital
90%
GreeceAthensCapital
90%
ItalyRomeCapital, The Eternal City
88%
ItalyFlorenceUffizi, Cathedral, Fashion
88%
FranceParisCapital, City of Lights
88%
PortugalLisbonCapital
88%
San MarinoSan MarinoCapital
88%
GermanyHamburg10th Largest Port world wide, Beef Patty
88%
GermanyBerlinCapital
88%
SpainMadridCapital
88%
EnglandLeeds3rd Largest City, over 250k students
88%
EnglandBirmingham2nd Biggest City
88%
EnglandManchesterOld Trafford
88%
SwitzerlandBernCapital
88%
ItalyGenoaBiggest Italian Port, Christopher Columbus
85%
Bosnia and HerzegovinaSarajevoCapital
85%
BelgiumBrusselsCapital, EU Capital
85%
BulgariaSofiaCapital
85%
SlovakiaBratislavaCapital
85%
ItalyMilan2nd Biggest City, Capital of Lombardy
85%
CroatiaZagrebCapital
85%
SpainBilbaoGuggenheim
85%
FranceMarseille2nd Largest City
85%
NetherlandsAmsterdamCapital
85%
VaticanVaticanCapital
85%
SpainSevilleCapital of Andalucia
83%
GermanyFrankfurtEU Economic Center
83%
FranceNice2nd Largest French Mediterranean City
83%
ItalyBolognaLunch Meat
83%
PortugalPorto2nd largest City
83%
HungaryBudapestCapital
83%
SerbiaBelgradeCapital
83%
FranceBordeauxWorlds Major Wine Industry Capital
83%
RomaniaBucharestCapital
83%
IrelandCork2nd largest City
83%
EnglandNewcastle...Upon Tyne
83%
EnglandOxfordOld University
83%
ItalyVeniceGondola
83%
GermanyMunichCapital of Bavaria, Oktoberfest
80%
Czech RepublicPragueCapital
80%
FranceLyonCapital Rhone-Alpes, 2nd Largest Metro
80%
AustriaViennaCapital
80%
GermanyDusseldorfInternational Busines and Financial Center
80%
MaltaVallettaCapital
80%
LiechtensteinVaduzCapital
80%
GermanyDresdenWW2 Bombing, Former Saxon Capital
80%
MonacoMonacoCapital
80%
SwizterlandGenevaImportant International City
80%
AndorraAndorra la VellaCapital
80%
ScotlandAberdeen3rd Largest City, The Granite City
78%
ItalyPalermoSicily
78%
NetherlandsRotterdam2nd Biggest City, 'Gateway to Europe'
78%
FranceDijonMustard
78%
SpainGranadaAlhambra
78%
GermanyCologne4th Largest, WW2 Bombing, Mens Perfume
78%
SpainValencia3rd Largest City
78%
GermanyNuremberg...Trials
78%
NetherlandsThe HagueSeat of Government
78%
PolandWarsawCapital
78%
AlbaniaTiranaCapital
78%
MacedoniaSkopjeCapital
76%
MontenegroPodgoricaCapital
76%
ItalyNaplesPizza
76%
GreeceThessaloniki2nd Biggest City
76%
PolandKrakow2nd Largest City in Poland
76%
SwitzerlandZurichImportant International City
76%
EnglandNottinghamSheriff of...
76%
SloveniaLjubljanaCapital
76%
WalesSwansea2nd Largest City
73%
EnglandYorkWalled City
73%
DenmarkCopenhagenCapital
73%
LuxembourgLuxembourgCapital
73%
EnglandCambridgeUniversities
73%
FranceToulouseCenter of European Aerospace Industry
73%
EnglandGibraltarSpain Exclave
73%
BelgiumAntwerp2nd Biggest City, 3rd Largest Port in Europe
73%
IrelandLimerickRhyming Poem
71%
KosovoPristinaCapital
71%
ItalyTurinShroud of...
71%
EnglandSheffieldNamed for the River Sheaf
71%
PolandGdanskLargest port
71%
EnglandDoverWhite Cliffs
71%
FranceNantesCapital of the Pays de la Loire Region
71%
FranceStrasbourgGerman Name
71%
AustriaSalzburg'Salt Fortress'
71%
ScotlandInvernessHighlands Capital
71%
NorwayOsloCapital
71%
BelarusMinskCapital
68%
ItalyVeronaRomeo and Juliet
68%
SpainMalagaAndalucia Region, 2800 years old
68%
SpainZaragozaCapital of Aragon
68%
FinlandHelsinkiCapital
68%
Northern IrelandDerry2nd Largest City
68%
Czech RepublicBrno2nd Biggest City
68%
SpainPalma de MallorcaBiggest City Balearic Islands
68%
LatviaRigaCapital
68%
CroatiaDubrovnikWalled City
68%
FranceCannesFilm Festival
68%
LithuaniaVilniusCapital
66%
GreeceHeraklionCrete
66%
GermanyStuttgart'Cradle of the Automobile'
66%
EnglandBristolPort City, River Avon
66%
UkraineKievCapital
66%
RussiaMoscowCapital, Red Square, Saint Basils
66%
SwitzerlandBaselSuburbs in France and Germany, 3rd biggest
66%
BelgiumGhent2nd Biggest Flemish City
66%
GermanyEssenPart of the Ruhr Urban Area
63%
ItalyCagliariSardinia
63%
RomaniaCluj-Napoca2nd Biggest City
63%
AustriaGraz2nd largest City
63%
AustriaInnsbruck1964 and 1976 Winter Olympics
63%
SwedenStockholmCapital
63%
EstoniaTallinCapital
63%
RussiaSaint Petersburg2nd Largest City, Formerly Petrograd and Leningrad
63%
BelgiumBruges
61%
GreeceSpartaWarriors
61%
AustriaLinz3rd Largest City, 'Center' of Europe
61%
FranceLilleFrench Flanders Region
61%
FranceAjaccioCorsica
61%
MonacoMonte CarloWard, Casinos
61%
GermanyBremenHanseatic City, 10th largest in Germany
61%
EnglandSouthamptonLargest city in Hampshire
61%
GermanyHannoverLargest Fairgrounds in the world
61%
ScotlandDundee4th Largest City
61%
ItalyBariPort and University City, 4 Urban Sections
61%
EnglandReadingWhat you do with a book
61%
CroatiaSplit2nd Largest City
59%
SpainMurciaCapital of Self named Autonomous Region
59%
GreeceRhodesColussus of...
59%
Canary Islands (Spain)Santa Cruz de Tenerife, Las PalmasCapital
59%
SwedenGothenburg2nd Biggest City
59%
ItalyTriesteClose to Sloveniam Austrian Influence
59%
IrelandGalwayWest Coast, Port City
59%
ItalyCataniaSicily
56%
IrelandWaterfordCrystal
56%
SwedenMalmo3rd Largest City
56%
MoldovaChisinauCapital
56%
SpainIbizaParty City
56%
FranceRennesCapital of Brittany
56%
SpainAlicantePort City, 2nd Largest Valencian City
56%
GermanyLeipzig"Most Livable" German City, Modern Zoo
56%
NorwayBergen2nd Largest City
54%
DenmarkAarhus2nd Largest City
54%
BulgariaVarna3rd Largest City
54%
Madeira (Portugal)FunchalCapital
54%
FranceMontpellierCapital of Vermont
54%
GermanyDortmundPart of the Ruhr Urban Area
54%
SerbiaNovi Sad2nd largest City
54%
SpainCeutaMorocco Exclave
51%
SpainCordobaTwin in Argentina
51%
PolandWroclawFormerly part of Bohemia, Austria, Hungary, Germany, Prussia
51%
FranceVichyWar time capital
51%
FranceOrleansJoan of Arc
51%
EnglandLeicester10th Largest City, one of Englands oldest
51%
PolandKatowice16th most powerful economic city in EU
49%
GermanyBonnPart of the Ruhr Urban Area
49%
NetherlandsUtrechtReligous Center of the Netherlands
49%
Crimea (RUS/UKR)SevastopolMajor Naval Base
49%
UkraineOdessa3rd Largest City, Major Black Sea Port
49%
BulgariaPlovdiv2nd Biggest City
49%
HungaryDebrecen2nd largest City
49%
Isle of Man (UK)DouglasCapital
49%
EnglandHullBody of a Ship
46%
RomaniaConstanta
46%
EnglandBradford4th Largest Urban Area, Close to above
46%
NorwayTrondheim3rd Largest City
46%
SpainValladolidCapital Castille and Leon
46%
PolandlodzName translates to 'Boat'
46%
FranceBrest
46%
ItalyPaduaThe Taming of the Shrew
46%
BelgiumLiege2nd Biggest Wallonian City
44%
UkraineDonetskBreakaway Republic
44%
SwitzerlandLucerneSelf named Lake
44%
FranceCalais
41%
RomaniaTimisoara3rd Largest City
41%
NetherlandsEindhoven
41%
RussiaVolgogradFormerly Tsaritsyn and Stalingrad
41%
PolandSzczecinThe hardest city to pronounce on this list
41%
BelgiumCharleroi
41%
ScotlandPaisleyGlasgow Suburb
39%
ScotlandStirling___ Silver
39%
RussiaYekaterinburg4th Largest City, Formerly Sverdlovsk
39%
PortugalFaroVacation spot
39%
DenmarkAalborg
39%
EnglandCoventryFormer Capital of England 15th C
39%
RussiaKaliningradStrategic European Location
39%
SpainA Coruna
39%
SwedenUppsalaOldest center of higher education in Scandinavia
39%
LithuaniaKaunas2nd Largest City
39%
SwitzerlandLausanneItalian Border, Beautiful Lake
39%
RomaniaIasi
37%
GermanyLubeckFormer Capital of Hanseatic League
37%
Guernsey (UK)Saint Peter PortCapital
37%
RussiaPermHairstyle, Formerly Molotov
37%
RussiaNizhny Novgorod5th Largest City, Formerly Gorky
37%
ItalyMessinaSicily
37%
RussiaVladivostokMain Pacific Port
37%
SwitzerlandBielFrench/German Split
37%
GermanyMannheim
37%
SpainMelillaMorocco Exclave
37%
UkraineLviv'City of the Lion'
37%
Faroe Islands (Denmark)TorshavnCapital
37%
FranceReimsCapital of Champagne Wine growing region
37%
Czech RepublicOstrava3rd Largest City
37%
SerbiaNis3rd Largest City
37%
DenmarkOdense
34%
SlovakiaKosice2nd largest City
34%
BelarusGomel2nd Largest City
34%
UkraineDnepropetrovsk4th Largest City, Formerly Yekaterinoslav
34%
Crimea (RUS/UKR)YaltaResort City
34%
FranceDunkirkWW2 Evacuation location
34%
PolandPoznanFormer Capital in 13th C
34%
SloveniaMaribor2nd Largest City
34%
AlbaniaDurres2nd Largest City
34%
GermanyDuisburgPart of the Ruhr Urban Area
34%
RussiaNovosibirsk'New Siberia'
34%
LiechtensteinSchaanLargest City
32%
FinlandTampereMost populous inland Nordic City
32%
NorwayStavanger
32%
Republika Srpska (Bosnia and Herzegovina)Banja luka2nd largest City
32%
RussiaUfaCapital of Bashkortostan
32%
GermanyWuppertal
32%
IrelandKilkennyWhat Southpark does
32%
GreeceLarissa
29%
RussiaGroznyCapital of Chechnya
29%
BulgariaBurgas
29%
Jersey (UK)Saint HelierCapital
29%
PolandLublin
29%
FinlandTurkuOldest Finnish City, Aura River
29%
FinlandEspooLarge suburb of capital
29%
RussiaRostov-on-donPort City, 2018 FIFA City
29%
RussiaOmsk2nd Largest City in Asian Russia
29%
GermanyBochum
29%
ScotlandFalkirkWilliam Wallace battle site
29%
UkraineLuhanskBreakaway Republic
29%
LatviaDaugavpils2nd Largest
29%
UkraineKharkiv2nd Largest City
29%
BelgiumNamur
29%
RussiaKazanCapital Tartarstan, 'Third Capital', 'Sports Capital'
27%
RussiaSamara6th Largest, Volga River
27%
RussiaChelyabinskLarge City, Meteor Impact that injured 1k
27%
RussiaIrkutskLarge City in Eastern Siberia
27%
SpainGijon
27%
EnglandDiego GarciaBritish Indian Ocean Territories
27%
LuxembourgEsch-Sur-Alzette
27%
IcelandKopavogur2nd Largest City
27%
GreecePatras3rd Largest City
27%
Svalbard (Norway)LongyearbyenCapital
27%
EstoniaTartu2nd Largest
27%
MaltaBirkirkaraLargest City
27%
Azores (Portugal)Angra de heroismo, Ponta Delgada, Hortax3 Capitals, all accepted
24%
SwitzerlandLuganoItalian Border, Beautiful Lake
24%
MacedoniaBitola2nd Largest City
24%
RussiaKrasnodar
24%
Transnistria (Moldova)TiraspolCapital, Largest
24%
Czech RepublicPlzen
24%
SpainSalamanca
24%
UkraineMariupolBreakaway Republic
24%
BelarusBorisov
24%
KosovoPrizren2nd Largest City
22%
PolandBydgoszcz
22%
Crimea (RUS/UKR)SimferopolCapital
22%
MoldovaBalti2nd Largest
22%
UkraineKryvyi Rih
22%
San MarinoSerravalleLargest City
22%
Aaland (Finland)MariehamnCapital
22%
RussiaKrasnoyarskTransSiberian Railroad hub, 3rd Largest in Siberia
22%
MontenegroNiksic2nd Largest City
22%
NetherlandsTilborg
22%
PortugalCoimbra
20%
SlovakiaPresov3rd Largest City
20%
HungaryMiskolc
20%
RussiaVoronezh
20%
UkraineMykolaiv
20%
UkraineZaporizhiaFormerly Alexandrovsk, Dnieper River
20%
SwedenVisbyGotland
17%
RussiaSaratov
17%
Bosnia and HerzegovinaTuzla
17%
RussiaYaroslavl'Golden Ring' City, World Heritage Site
17%
GermanyBielfeld
17%
RussiaAstrakhan
15%
GermanySaarbruckenNamed after own region
15%
FranceLimoges
15%
PolandBialystokNear belarus
12%
FranceLa Rochelle
12%
ItalySienaMedieval City
10%
SpainSantiago de Compostela
7%
EnglandBathShower alternative
0%

Score Distribution

Percentile by Number Answered

Percent of People with Each Score

Your Score History

You have not taken this quiz since the last reset